| 000 | 00000nam##2200000za#4500 |
| 001 | 9.692296 |
| 003 | CaOODSP |
| 005 | 20220901140050 |
| 007 | cr ||||||||||| |
| 008 | 150407|2003||||xxc|||||o f|0| 0 eng|d |
| 040 | |aCaOODSP|beng |
| 043 | |an-cn--- |
| 086 | 1 |aJ4-2/2003E-PDF |
| 110 | 1 |aCanada.|bJustice Canada. |
| 245 | 10|aVictims' response to trauma and implications for interventions : |h[electronic resource]|ba selected review and synthesis of the literature / |c[by] James K. Hill; published jointly by the Policy Centre for Victim Issues and Research and Statistical Division. |
| 260 | |aOttawa - Ontario : |bJustice Canada |cNovember 2003. |
| 300 | |a70p.|breferences |
| 590 | |a10-16-Supp|b2010-12-30 |
| 690 | 07|aCriminal justice|2gcpds |
| 690 | 07|aVictims|2gcpds |
| 720 | 1 |aHill, James K. |
| 775 | 08|tRéaction des victimes au traumatisme et conséquences sur les interventions : |w(CaOODSP)9.637982 |
| 856 | 40|ahttp://publications.gc.ca|qPDF|s321 KB|uhttps://publications.gc.ca/collections/collection_2010/justice/J4-2-2003-eng.pdf |
| 986 | |aRR03VIC-2e |